• 首页
  • 本馆介绍
  • 公告通知
  • 最新文献
  • 馆藏检索
  • 电子资源
  • 读者导购
  • 参考咨询
  • 我的图书馆
  • 登录
  • 详细信息显示
  • 放入我的书架
  • 预约/预借图书
  • 作者相关作品
  • 分类相关作品
  • 丛书相关作品
  • 出版社相关作品

书目信息

  • 表格格式
  • 工作单格式
  • 卡片格式
题名:
喋血昆仑关
    
 
作者: 陈良武 , 季晓丹 著
分册:  
出版信息: 北京   长城出版社  2015
页数: 309页
开本: 24cm
丛书名: 中国抗日战争战场全景画卷丛书
单 册:
中图分类: E296.93
科图分类:
主题词:
电子资源:
ISBN: 978-7-5483-0243-8
000 01047oam2 2200277 45
001 012001004307
005 20140928162349.0
010    @a978-7-5483-0243-8@dCNY56.00
100    @a20151101d2015 em y0chiy50 ea
101 0  @achi
102    @aCN@b110000
105    @aa z 000yy
106    @ar
200 1  @a喋血昆仑关@9die xue kun lun guan@e桂南会战影像全纪录@f陈良武,季晓丹著
210    @a北京@c长城出版社@d2015
215    @a309页@c照片@d24cm
225 1  @a中国抗日战争战场全景画卷丛书@h第三辑@v19
330    @a本书全方位、多视角、全景式地讲述了在抗日战争相持阶段,于1939年底到1940年初发生在广西境内的以昆仑关战役为核心的桂南会战的全过程,深刻展示了第5军将士喋血沙场的壮举。
461  0 @12001 @a中国抗日战争战场全景画卷丛书
517 1  @a桂南会战影像全纪录@9gui nan hui zhan ying xiang quan ji lu
601 02 @a国民党军@x抗日战争时期战役战斗@y广西@j史料
690    @aE296.93@v5
701  0 @a陈良武@9chen liang wu@4著
701  0 @a季晓丹@9ji xiao dan@4著
801  0 @aCN@b上海新华@c20180901
905    @b1164736-40@dE296.93@e102@f5
    
    喋血昆仑关:桂南会战影像全纪录/陈良武,季晓丹著.-北京:长城出版社,2015
    309页:照片;24cm.-(中国抗日战争战场全景画卷丛书.第三辑;19)
    
    
    ISBN 978-7-5483-0243-8:CNY56.00
    本书全方位、多视角、全景式地讲述了在抗日战争相持阶段,于1939年底到1940年初发生在广西境内的以昆仑关战役为核心的桂南会战的全过程,深刻展示了第5军将士喋血沙场的壮举。
●
相关链接 在E读中查询图书 在五车中查询图书 在当当中查询图书 在豆瓣中查询图书


正题名:喋血昆仑关     索取号:E296.93/102         预约/预借

序号 登录号 条形码 馆藏地/架位号 状态 备注
1 1164736   211647360   第一样本阅览室/ [索取号:E296.93/102] 在馆    
2 1164737   211647379   第一借阅区/ [索取号:E296.93/102] 在馆    
3 1164738   211647388   第一借阅区/ [索取号:E296.93/102] 在馆    
4 1164739   211647397   密集书库-文学院/ [索取号:E296.93/102] 在馆    
5 1164740   211647404   第一借阅区/ [索取号:E296.93/102] 在馆    
唐山师范学院图书馆 欢迎您!
大连网信软件有限公司© 版权所有